Austenite transformation kinetics of ferrous alloys /
Guardado en:
| Autor Principal: | |
|---|---|
| Autor Corporativo: | |
| Formato: | Libro |
| Idioma: | English |
| Publicado: |
Greenwich, Conn. :
Climax Molybdenum Co.,
[1978]
|
| Materias: | |
| Etiquetas: |
Agregar Etiqueta
Sin Etiquetas, Sea el primero en etiquetar este registro!
|
| LEADER | 00721nam a22002055a 4500 | ||
|---|---|---|---|
| 001 | EIQ.libpla002489 | ||
| 008 | 070622s1978####ctua#####b####000#0#eng#d | ||
| 005 | 20070622152115.0 | ||
| 245 | 1 | 0 | |a Austenite transformation kinetics of ferrous alloys / |c by Witold W. Cias. |
| 260 | |a Greenwich, Conn. : |b Climax Molybdenum Co., |c [1978] | ||
| 300 | |a 83 p. : |b il. ; |c 28 cm. | ||
| 504 | |a Bibliografía: p. 22. | ||
| 100 | 1 | |a Cias, Witold W. | |
| 710 | 2 | |a Climax Molybdenum Company. | |
| 650 | 4 | |a Procesos |x Aleaciones de acero. | |
| 650 | 4 | |a Procesos |x Aleaciones de hierro. | |
| 650 | 4 | |a Processes |x Steel alloys. | |
| 650 | 4 | |a Processes |x Iron alloys. | |
| 040 | |a AR-BbSID |b spa |c AR-BbSID | ||
| 859 | |a AR-BbSID |b BIB. PLAPIQUI |h 669.1 |i C 48 |p 3081 | ||
